The Space Magicians /

Salvato in:
Dettagli Bibliografici
Autore principale: Norton, Alden H. (edición)
Altri autori: Moskowitz, Sam (edición) (edición)
Natura: Libro
Lingua:inglese
Pubblicazione: Nueva York, EUA : Pyramid Books, 1971, c1971
Tags: Aggiungi Tag
Nessun Tag, puoi essere il primo ad aggiungerne!!

MARC

LEADER 00000nam^a2200000^a^4500
001 000579727
005 20250521000000.0
009 20260310132536.159
037 |a Acervo ITESO - Biblioteca 
041 |a ING 
091 |a FAW. 00141 
100 |a Norton, Alden H.  |e (edición) 
245 1 4 |a The Space Magicians / 
264 4 |a Nueva York, EUA :  |b Pyramid Books,  |c 1971, c1971 
300 |a 206 p. 
336 |a texto  |b txt  |2 rdacontenido 
337 |a sin mediación  |b n  |2 rdamedio 
338 |a volumen  |b nc  |2 rdasoporte 
649 |a XX 
700 |a Moskowitz, Sam  |e (edición) 
910 |a Fondo Adolfo J. Wriedt Kentzler 
920 |a Impresos - Libros 
930 |a Fondos Especiales 
940 |a Literatura 
905 |a 128 
901 |a 0500409960  |b IT2  |c ESP  |i D86371  |u 20250521 
902 |a https://opac.biblio.iteso.mx/vufind/Record/000579727